Konkurenačná výhoda a podnikateľské stratégie v startupoch

Skúmanie konkurenčnej výhody tvoriacej jadro podnikateľskej stratégie startupov, ktoré sú počas svojej existencie vystavené turbulentnému podnikateľskému prostrediu. Špecifiká a vývojové tendencie startupov.

Salvato in:
Dettagli Bibliografici
Autore principale: Mišúnová Hudáková, Ivana, 1976-
Natura: Capitolo di libro
Lingua:slovacco
Soggetti:
Tags: Aggiungi Tag
Nessun Tag, puoi essere il primo ad aggiungerne!!

MARC

LEADER 00000naa$a2200000$$$4500
001 0210905
005 20240502073520.0
041 0 |a slo 
044 |a SK 
245 1 0 |a Konkurenačná výhoda a podnikateľské stratégie v startupoch  |c Ivana Mišúnová Hudáková 
520 |a Skúmanie konkurenčnej výhody tvoriacej jadro podnikateľskej stratégie startupov, ktoré sú počas svojej existencie vystavené turbulentnému podnikateľskému prostrediu. Špecifiká a vývojové tendencie startupov. 
610 2 0 |a prostredie podnikateľské 
610 2 0 |a podnikanie rizikové 
610 2 0 |a plán podnikateľský 
610 2 0 |a stratégia podnikateľská 
610 2 0 |a výhody konkurenčné 
610 2 0 |a start-up 
100 1 |a Mišúnová Hudáková, Ivana, 1976-